[Event "chess.com Speed"]
[Site "Chess.com INT"]
[Date "2019.10.03"]
[Round "1.4"]
[White "Grischuk, Alexander"]
[Black "Artemiev, Vladislav"]
[Result "1-0"]
[WhiteElo "2759"]
[BlackElo "2746"]
[PlyCount "109"]
[EventDate "2019.09.02"]
[EventType "k.o. (blitz)"]
[EventRounds "4"]
[EventCountry "USA"]
[SourceTitle "EXT 2020"]
[Source "ChessBase"]
[SourceDate "2019.10.17"]
[SourceVersion "1"]
[SourceVersionDate "2019.10.17"]
[SourceQuality "1"]

1. e4 c5 2. Nf3 a6 3. Nc3 e6 4. d4 cxd4 5. Nxd4 Qc7 6. Bd3 Nf6 7. f4 d6 8. Qe2
Nbd7 9. g4 Nc5 10. g5 Nfd7 11. h4 b5 12. a3 Bb7 13. Rh3 Nb6 14. h5 e5 15. Nf5
O-O-O 16. Bd2 Kb8 17. O-O-O Rc8 18. Kb1 Rg8 19. Ne3 exf4 20. Ned5 Nxd5 21. Nxd5
Bxd5 22. exd5 g6 23. h6 Be7 24. Bxf4 f6 25. Re3 Bd8 26. Qh2 Nb7 27. Re6 fxg5
28. Bg3 Ka8 29. Rf1 g4 30. Bxd6 Nxd6 31. Rxd6 Kb7 32. a4 Be7 33. Rf7 Bxd6 34.
Rxc7+ Kxc7 35. Qg1 Rb8 36. Qxg4 Rgf8 37. Qd4 bxa4 38. Qxa4 Rb6 39. Qc4+ Kb8 40.
Qd4 Rb4 41. Qg7 Rb7 42. Qd4 Rb4 43. Qe3 a5 44. c3 Rb3 45. Bc4 Rb7 46. Ba6 Rb3
47. Ka2 a4 48. Bc4 Rb7 49. Ba6 Rb3 50. Qd4 Rd8 51. Qxa4 Rb6 52. Bb5 Bc7 53. Bc6
Kc8 54. b4 Bb8 55. c4 1-0

[Event "chess.com Speed"]
[Site "Chess.com INT"]
[Date "2019.10.03"]
[Round "1.6"]
[White "Grischuk, Alexander"]
[Black "Artemiev, Vladislav"]
[Result "1/2-1/2"]
[WhiteElo "2759"]
[BlackElo "2746"]
[PlyCount "105"]
[EventDate "2019.09.02"]
[EventType "k.o. (blitz)"]
[EventRounds "4"]
[EventCountry "USA"]
[SourceTitle "EXT 2020"]
[Source "ChessBase"]
[SourceDate "2019.10.17"]
[SourceVersion "1"]
[SourceVersionDate "2019.10.17"]
[SourceQuality "1"]

1. e4 c5 2. Nf3 e6 3. d4 cxd4 4. Nxd4 a6 5. c4 Nf6 6. Nc3 Qc7 7. Be2 Bb4 8. Qd3
b6 9. a3 Be7 10. Qg3 d6 11. Qxg7 Rg8 12. Qh6 Rxg2 13. Qh3 Rg8 14. Be3 Nbd7 15.
f4 Bb7 16. O-O-O O-O-O 17. f5 e5 18. Nc2 Nxe4 19. Nd5 Bxd5 20. Rxd5 Nef6 21.
Rdd1 a5 22. Kb1 Kb8 23. Bc1 Nc5 24. Ne3 Qc6 25. Bf3 e4 26. Be2 Nd3 27. Bxd3
exd3 28. Rhe1 Rge8 29. Rxd3 Qe4 30. Nc2 Qxc4 31. Nd4 Bf8 32. Red1 Ne4 33. Qxh7
Rc8 34. Rb3 Kb7 35. f6 Rc7 36. Qf5 Re5 37. Qf3 d5 38. Bf4 Bd6 39. Nb5 Rf5 40.
Nxd6+ Nxd6 41. Qe3 Qxf4 42. Qxb6+ Kc8 43. Qxa5 Qe4+ 44. Ka1 d4 45. Qb4 Rd5 46.
Rbd3 Nc4 47. Rg3 Ne3 48. Rg8+ Kd7 49. Qa4+ Kd6 50. Qb4+ Kd7 51. Qa4+ Rc6 52.
Qa7+ Rc7 53. Qa4+ 1/2-1/2

[Event "chess.com Speed"]
[Site "Chess.com INT"]
[Date "2019.10.03"]
[Round "1.7"]
[White "Artemiev, Vladislav"]
[Black "Grischuk, Alexander"]
[Result "1/2-1/2"]
[WhiteElo "2746"]
[BlackElo "2759"]
[PlyCount "127"]
[EventDate "2019.09.02"]
[EventType "k.o. (blitz)"]
[EventRounds "4"]
[EventCountry "USA"]
[SourceTitle "EXT 2020"]
[Source "ChessBase"]
[SourceDate "2019.10.17"]
[SourceVersion "1"]
[SourceVersionDate "2019.10.17"]
[SourceQuality "1"]

1. c4 g6 2. g3 Bg7 3. Bg2 c5 4. Nc3 Nc6 5. e3 e6 6. Nge2 Nge7 7. O-O O-O 8. d4
cxd4 9. exd4 d5 10. cxd5 Nxd5 11. Re1 Nde7 12. Bg5 h6 13. Bxe7 Nxe7 14. Qb3 Qb6
15. Qxb6 axb6 16. Red1 Rd8 17. Rac1 Kf8 18. a3 Rb8 19. b4 Bd7 20. d5 exd5 21.
Nxd5 Bg4 22. Kf1 Nxd5 23. Rxd5 Rdc8 24. Rxc8+ Rxc8 25. Rd2 Ra8 26. Bxb7 Rxa3
27. Kg2 Be5 28. Nd4 h5 29. h3 Bxd4 30. Rxd4 Be6 31. Bd5 Ke7 32. Re4 Kd6 33.
Bxe6 fxe6 34. Rf4 Ke5 35. Rc4 Rb3 36. h4 Kd6 37. Rd4+ Ke5 38. Rc4 Kd6 39. Rf4
Ke5 40. Kf1 b5 41. Ke2 Rb2+ 42. Ke3 Rb3+ 43. Kd2 Rb2+ 44. Kc3 Rb1 45. Rf8 Rc1+
46. Kb2 Rc4 47. Kb3 Kd6 48. Rb8 Re4 49. Rxb5 Re2 50. Rg5 Rxf2 51. Rxg6 Kd5 52.
b5 e5 53. b6 Rf1 54. Kc2 Rf2+ 55. Kd1 Rb2 56. Ke1 Kd4 57. Rh6 e4 58. Rxh5 Ke3
59. Kd1 Rxb6 60. Re5 Kd3 61. Rd5+ Ke3 62. Re5 Kd3 63. Rd5+ Ke3 64. Re5 1/2-1/2

[Event "chess.com Speed"]
[Site "Chess.com INT"]
[Date "2019.10.03"]
[Round "1.8"]
[White "Grischuk, Alexander"]
[Black "Artemiev, Vladislav"]
[Result "1-0"]
[WhiteElo "2759"]
[BlackElo "2746"]
[PlyCount "95"]
[EventDate "2019.09.02"]
[EventType "k.o. (blitz)"]
[EventRounds "4"]
[EventCountry "USA"]
[SourceTitle "EXT 2020"]
[Source "ChessBase"]
[SourceDate "2019.10.17"]
[SourceVersion "1"]
[SourceVersionDate "2019.10.17"]
[SourceQuality "1"]

1. d4 Nf6 2. c4 b6 3. Nc3 Bb7 4. Nf3 d5 5. Bg5 Ne4 6. cxd5 Nxc3 7. bxc3 Qxd5 8.
Bf4 e6 9. e3 Bd6 10. Bg3 Nd7 11. Bd3 Nf6 12. a4 O-O 13. a5 Ne4 14. Qc2 b5 15.
a6 Bc6 16. Ne5 Bxe5 17. Bxe5 f6 18. f3 Ng5 19. Bxc7 Rac8 20. Bf4 h6 21. O-O Bd7
22. e4 Qc6 23. Rfc1 e5 24. Be3 f5 25. Bxg5 hxg5 26. dxe5 g4 27. exf5 gxf3 28.
e6 Be8 29. Be4 Qc5+ 30. Qf2 fxg2 31. Qxc5 Rxc5 32. Rab1 Bh5 33. Kxg2 Bg4 34.
Rf1 Bxf5 35. Rxf5 Rfxf5 36. Bxf5 Rxf5 37. Rd1 Re5 38. Rd7 Rxe6 39. Rxa7 Kh7 40.
Ra8 Rg6+ 41. Kf1 Rf6+ 42. Ke1 Re6+ 43. Kd1 Rd6+ 44. Kc2 Rh6 45. a7 Ra6 46. Kb3
Ra4 47. c4 Ra5 48. c5 1-0

[Event "chess.com Speed"]
[Site "Chess.com INT"]
[Date "2019.10.03"]
[Round "1.9"]
[White "Artemiev, Vladislav"]
[Black "Grischuk, Alexander"]
[Result "1-0"]
[WhiteElo "2746"]
[BlackElo "2759"]
[PlyCount "137"]
[EventDate "2019.09.02"]
[EventType "k.o. (blitz)"]
[EventRounds "4"]
[EventCountry "USA"]
[SourceTitle "EXT 2020"]
[Source "ChessBase"]
[SourceDate "2019.10.17"]
[SourceVersion "1"]
[SourceVersionDate "2019.10.17"]
[SourceQuality "1"]

1. Nf3 d5 2. g3 c5 3. Bg2 Nc6 4. d4 Nf6 5. O-O e6 6. b3 Be7 7. Bb2 O-O 8. Nbd2
cxd4 9. Nxd4 Nxd4 10. Bxd4 Qc7 11. Bb2 e5 12. Nf3 Bd6 13. e3 Qe7 14. c4 dxc4
15. bxc4 Bf5 16. Qb3 Be4 17. c5 Bc7 18. Nh4 Bxg2 19. Kxg2 Ne4 20. Qxb7 Nxc5 21.
Qc6 Rac8 22. Ba3 Bb6 23. Nf5 Qg5 24. Qf3 Rfd8 25. Rfd1 Qf6 26. g4 g6 27. Ng3
Qxf3+ 28. Kxf3 f6 29. Rxd8+ Rxd8 30. Rc1 Ne6 31. Be7 Ng5+ 32. Ke2 Rd5 33. Bxf6
Ne6 34. Ne4 Kf7 35. g5 Nc5 36. Nc3 Rd7 37. Nb5 Ke6 38. Rc4 Rd5 39. Nc3 Rd7 40.
a4 Nb7 41. Re4 Bc7 42. f4 Nc5 43. Rc4 Nb7 44. Nb5 Bb8 45. fxe5 a6 46. Rc6+ Kd5
47. Rxa6 Nc5 48. Nc3+ Kc4 49. Rc6 Rc7 50. Rxc7 Bxc7 51. Nb5 Bb8 52. Nd6+ Kd5
53. a5 Bc7 54. e4+ Kc6 55. Nc4 Nxe4 56. Kd3 Nc5+ 57. Kc3 Ne6 58. Kb4 Bb8 59.
Nd6 Ba7 60. Nf7 Bc5+ 61. Kc4 Bg1 62. Nd8+ Nxd8 63. Bxd8 Bxh2 64. e6 Bd6 65. e7
Kd7 66. a6 Bb8 67. Kb5 Ba7 68. Bb6 Bb8 69. Bc5 1-0

[Event "chess.com Speed"]
[Site "Chess.com INT"]
[Date "2019.10.03"]
[Round "1.10"]
[White "Grischuk, Alexander"]
[Black "Artemiev, Vladislav"]
[Result "0-1"]
[WhiteElo "2759"]
[BlackElo "2746"]
[PlyCount "82"]
[EventDate "2019.09.02"]
[EventType "k.o. (blitz)"]
[EventRounds "4"]
[EventCountry "USA"]
[SourceTitle "EXT 2020"]
[Source "ChessBase"]
[SourceDate "2019.10.17"]
[SourceVersion "1"]
[SourceVersionDate "2019.10.17"]
[SourceQuality "1"]

1. d4 d5 2. c4 c6 3. Nf3 Nf6 4. Nc3 a6 5. a4 e6 6. a5 c5 7. Be3 dxc4 8. Ne5 Nd5
9. Nxc4 Nxe3 10. fxe3 Nc6 11. g3 cxd4 12. exd4 Nxd4 13. Bg2 Bc5 14. e3 Nf5 15.
Qxd8+ Kxd8 16. Ke2 Bd7 17. Bxb7 Ra7 18. Be4 Nd6 19. Ne5 f6 20. Nxd7 Kxd7 21.
Bd3 Bb4 22. Na4 Ke7 23. Nb6 Rb8 24. Nc4 Bc5 25. Rhb1 Rb4 26. Nxd6 Bxd6 27. b3
h5 28. Bc4 g5 29. Rd1 Rb8 30. Rd3 Rh8 31. Rad1 Be5 32. b4 h4 33. Kf3 hxg3 34.
hxg3 Rh3 35. Rg1 f5 36. Rb3 g4+ 37. Kf2 Rc7 38. Bd3 Rh2+ 39. Rg2 Rh1 40. Bxa6
Rc2+ 41. Be2 Ra1 0-1

[Event "chess.com Speed"]
[Site "Chess.com INT"]
[Date "2019.10.03"]
[Round "1.11"]
[White "Artemiev, Vladislav"]
[Black "Grischuk, Alexander"]
[Result "1/2-1/2"]
[WhiteElo "2746"]
[BlackElo "2759"]
[PlyCount "101"]
[EventDate "2019.09.02"]
[EventType "k.o. (blitz)"]
[EventRounds "4"]
[EventCountry "USA"]
[SourceTitle "EXT 2020"]
[Source "ChessBase"]
[SourceDate "2019.10.17"]
[SourceVersion "1"]
[SourceVersionDate "2019.10.17"]
[SourceQuality "1"]

1. Nf3 d5 2. g3 c5 3. Bg2 Nc6 4. d4 Nf6 5. O-O e6 6. e3 Be7 7. b3 O-O 8. Bb2 b5
9. Nbd2 Bb7 10. dxc5 Bxc5 11. c4 dxc4 12. bxc4 b4 13. Nb3 Be7 14. Nfd4 Qc8 15.
a3 Ne5 16. Bxb7 Qxb7 17. axb4 Nxc4 18. Na5 Nxa5 19. Rxa5 Qxb4 20. Qa1 Qb7 21.
Rb5 Qe4 22. Qa6 Rfc8 23. Rc1 Rxc1+ 24. Bxc1 Bf8 25. Ba3 Bxa3 26. Qxa3 h5 27. h3
e5 28. Ne2 Rd8 29. Qc1 Qf3 30. Qe1 Qf5 31. Kg2 Qe4+ 32. Kg1 Qf5 33. Kg2 Ne4 34.
Nd4 Qf6 35. Nf3 Qc6 36. Rxe5 f6 37. Rxh5 g5 38. g4 Nd2 39. e4 Nxe4 40. h4 Nd2
41. Qe3 Nxf3 42. Qxf3 Qxf3+ 43. Kxf3 gxh4 44. Rxh4 a5 45. Rh5 Ra8 46. g5 a4 47.
gxf6 a3 48. Rh1 Kf7 49. Ra1 Kxf6 50. Ke4 Ra4+ 51. Kd3 1/2-1/2

[Event "chess.com Speed"]
[Site "Chess.com INT"]
[Date "2019.10.03"]
[Round "1.12"]
[White "Grischuk, Alexander"]
[Black "Artemiev, Vladislav"]
[Result "1-0"]
[WhiteElo "2759"]
[BlackElo "2746"]
[PlyCount "109"]
[EventDate "2019.09.02"]
[EventType "k.o. (blitz)"]
[EventRounds "4"]
[EventCountry "USA"]
[SourceTitle "EXT 2020"]
[Source "ChessBase"]
[SourceDate "2019.10.17"]
[SourceVersion "1"]
[SourceVersionDate "2019.10.17"]
[SourceQuality "1"]

1. d4 d5 2. c4 c6 3. Nf3 Nf6 4. e3 g6 5. Nc3 Bg7 6. Be2 O-O 7. O-O Bg4 8. h3
Bxf3 9. Bxf3 e6 10. b3 Nbd7 11. Bb2 Re8 12. Qc2 Nb6 13. Ne2 Nc8 14. Nf4 Nd6 15.
Nd3 a5 16. a4 h5 17. g3 Nf5 18. Rad1 Qb6 19. Bg2 Nd7 20. Bc3 Qa6 21. Bd2 Rac8
22. Rc1 Nd6 23. Rfd1 c5 24. cxd5 cxd4 25. Qb1 exd5 26. Rxc8 Rxc8 27. Nf4 Nf6
28. Nxd5 Nxd5 29. Bxd5 dxe3 30. Bxe3 Nf5 31. Bf4 Nd4 32. Kg2 Rd8 33. Qe4 Ne6
34. Be3 Qd6 35. Rd2 Nd4 36. Bxb7 Kh7 37. Qf4 Qd7 38. Bf3 f5 39. Bxd4 Bxd4 40.
Rc2 Qg7 41. Qc7 Rd7 42. Qxa5 h4 43. gxh4 Qf6 44. Rc7 Rxc7 45. Qxc7+ Kh6 46.
Qf4+ Kg7 47. a5 Be5 48. Qg5 Qa6 49. h5 Qxa5 50. Qxg6+ Kh8 51. Qxf5 Qc7 52. h6
Qd6 53. b4 Bc3 54. b5 Qxh6 55. Qc8+ 1-0

[Event "chess.com Speed"]
[Site "Chess.com INT"]
[Date "2019.10.03"]
[Round "1.13"]
[White "Artemiev, Vladislav"]
[Black "Grischuk, Alexander"]
[Result "1/2-1/2"]
[WhiteElo "2746"]
[BlackElo "2759"]
[PlyCount "90"]
[EventDate "2019.09.02"]
[EventType "k.o. (blitz)"]
[EventRounds "4"]
[EventCountry "USA"]
[SourceTitle "EXT 2020"]
[Source "ChessBase"]
[SourceDate "2019.10.17"]
[SourceVersion "1"]
[SourceVersionDate "2019.10.17"]
[SourceQuality "1"]

1. d4 Nf6 2. Bg5 d5 3. Nd2 c5 4. e3 cxd4 5. exd4 Qb6 6. Nb3 Nc6 7. Be2 Ne4 8.
Bh4 Bf5 9. Nf3 e6 10. O-O Bd6 11. a4 Qc7 12. a5 a6 13. c3 O-O 14. Re1 h6 15.
Bd3 Bh7 16. Bg3 Nxg3 17. Bxh7+ Kxh7 18. hxg3 b6 19. axb6 Qxb6 20. Qc2+ Kg8 21.
Nc1 Rfc8 22. Ra4 Na5 23. Nd3 Nc4 24. Rea1 Rcb8 25. R1a2 a5 26. Nd2 Qb5 27. b4
Nxd2 28. Qxd2 Bc7 29. Nc5 Ra7 30. Qd3 Qxd3 31. Nxd3 Rba8 32. Nc5 Bb6 33. Kf1
Kf8 34. Ke2 Ke7 35. Kd3 Kd6 36. g4 Kc6 37. bxa5 Rxa5 38. Rxa5 Rxa5 39. Rxa5
Bxa5 40. Nb3 Bc7 41. Nd2 Bf4 42. Nf3 Bd6 43. c4 dxc4+ 44. Kxc4 Kd7 45. d5 exd5+
1/2-1/2

[Event "chess.com Speed"]
[Site "Chess.com INT"]
[Date "2019.10.03"]
[Round "1.14"]
[White "Grischuk, Alexander"]
[Black "Artemiev, Vladislav"]
[Result "1/2-1/2"]
[WhiteElo "2759"]
[BlackElo "2746"]
[PlyCount "152"]
[EventDate "2019.09.02"]
[EventType "k.o. (blitz)"]
[EventRounds "4"]
[EventCountry "USA"]
[SourceTitle "EXT 2020"]
[Source "ChessBase"]
[SourceDate "2019.10.17"]
[SourceVersion "1"]
[SourceVersionDate "2019.10.17"]
[SourceQuality "1"]

1. d4 b5 2. e4 a6 3. Bg5 Bb7 4. Nd2 h6 5. Bh4 g6 6. c3 Bg7 7. Ngf3 Nf6 8. Bd3
d6 9. a4 bxa4 10. Qxa4+ Nbd7 11. O-O O-O 12. Rfe1 Nh5 13. Nc4 Nb6 14. Qd1 Nf4
15. Na5 Rb8 16. Nxb7 Rxb7 17. Bxa6 Rb8 18. Bf1 g5 19. Bg3 Nh5 20. Nd2 Nxg3 21.
hxg3 e6 22. Nb3 Nd7 23. Qc2 c5 24. Na5 Qc7 25. d5 exd5 26. exd5 Ne5 27. f4 Ng6
28. Nc6 gxf4 29. gxf4 Nxf4 30. Re7 Qb6 31. Nxb8 Qxb8 32. Rd1 Qd8 33. Re4 Ng6
34. Qf2 Ne5 35. Qf5 Qb6 36. Rd2 Ra8 37. Kh2 Qd8 38. g3 Bf6 39. Rf2 Bg5 40. Rxe5
dxe5 41. Qxf7+ Kh8 42. Bd3 Qg8 43. d6 Qxf7 44. Rxf7 Kg8 45. Bc4 Rf8 46. Rc7+
Kh8 47. Rxc5 Rf2+ 48. Kh3 Rxb2 49. Rxe5 Kg7 50. d7 Rd2 51. Rd5 Rxd5 52. Bxd5
Kf8 53. c4 Bd8 54. Kg4 Bg5 55. c5 Ke7 56. c6 Kd8 57. Kf5 Bd2 58. g4 Bc1 59. Ke6
Bd2 60. Be4 Bc1 61. Kd5 Bd2 62. Kc5 Bc1 63. Kb6 Be3+ 64. Kb7 Bf4 65. Bf5 Be5
66. Be6 Bd6 67. Bd5 Bc7 68. Bf3 Bd6 69. Kb6 Bc7+ 70. Kc5 Bf4 71. Kd5 Bd2 72.
Ke6 Be3 73. Kf5 Bd2 74. Kf6 Be3 75. Kf7 Bd2 76. g5 Bxg5 1/2-1/2

[Event "chess.com Speed"]
[Site "Chess.com INT"]
[Date "2019.10.03"]
[Round "1.15"]
[White "Artemiev, Vladislav"]
[Black "Grischuk, Alexander"]
[Result "1/2-1/2"]
[WhiteElo "2746"]
[BlackElo "2759"]
[PlyCount "168"]
[EventDate "2019.09.02"]
[EventType "k.o. (blitz)"]
[EventRounds "4"]
[EventCountry "USA"]
[SourceTitle "EXT 2020"]
[Source "ChessBase"]
[SourceDate "2019.10.17"]
[SourceVersion "1"]
[SourceVersionDate "2019.10.17"]
[SourceQuality "1"]

1. c4 g6 2. g3 Bg7 3. Bg2 c5 4. Nc3 Nc6 5. Nf3 d6 6. O-O Bf5 7. h3 Nf6 8. d3
O-O 9. Be3 Rb8 10. Rc1 b6 11. d4 Ne4 12. Nb1 Bd7 13. Qd3 f5 14. Nc3 Nxc3 15.
bxc3 e5 16. dxe5 dxe5 17. Qd5+ Kh8 18. Rfd1 Be8 19. Ng5 Qe7 20. Ne6 Bf7 21.
Qxc6 Bxe6 22. Bg5 Qe8 23. Qxe8 Rbxe8 24. Bc6 Rb8 25. Be7 Rfc8 26. Bb5 e4 27.
Bd6 Ra8 28. Ba6 Rg8 29. Bc7 Rae8 30. Bb5 Rc8 31. Bf4 Rcd8 32. Bg5 Rxd1+ 33.
Rxd1 h6 34. Be3 g5 35. Rd6 Bc8 36. Kf1 Rf8 37. Bd2 f4 38. g4 e3 39. Be1 exf2
40. Kxf2 Rf6 41. Rd8+ Rf8 42. Rd6 Rf6 43. Rd8+ Rf8 44. Rd5 Be6 45. Rd6 Bg8 46.
Bd2 Rf6 47. Rd7 Rf7 48. Rd8 Rf8 49. Rd7 Rf7 50. Rd8 Rf8 51. Rd3 Kh7 52. a4 Kg6
53. Rd6+ Rf6 54. Rd8 Rf8 55. Rd3 Be5 56. Kf1 Be6 57. Be1 h5 58. gxh5+ Kxh5 59.
Kg2 Kg6 60. Rd1 Kf6 61. Bf2 Rh8 62. Rh1 Bxc3 63. e3 Be5 64. exf4 Bxf4 65. Kf3
Bf7 66. h4 Bh5+ 67. Kg2 g4 68. Bg3 Bxg3 69. Kxg3 Rd8 70. Rf1+ Kg6 71. Re1 Rd3+
72. Kg2 Kf5 73. Rf1+ Ke5 74. Bc6 Rd2+ 75. Kg3 Rd3+ 76. Kg2 g3 77. Bd5 Bg4 78.
Rf8 Bf5 79. h5 Kf4 80. h6 Rd2+ 81. Kg1 Rd1+ 82. Kg2 Rd2+ 83. Kg1 Rd1+ 84. Kg2
Rd2+ 1/2-1/2

[Event "chess.com Speed"]
[Site "Chess.com INT"]
[Date "2019.10.03"]
[Round "1.16"]
[White "Grischuk, Alexander"]
[Black "Artemiev, Vladislav"]
[Result "0-1"]
[WhiteElo "2759"]
[BlackElo "2746"]
[PlyCount "82"]
[EventDate "2019.09.02"]
[EventType "k.o. (blitz)"]
[EventRounds "4"]
[EventCountry "USA"]
[SourceTitle "EXT 2020"]
[Source "ChessBase"]
[SourceDate "2019.10.17"]
[SourceVersion "1"]
[SourceVersionDate "2019.10.17"]
[SourceQuality "1"]

1. d4 Nf6 2. c4 c6 3. Nf3 d5 4. e3 Bf5 5. Nc3 e6 6. Nh4 Bg6 7. Nxg6 hxg6 8. g3
Nbd7 9. cxd5 exd5 10. Bg2 Be7 11. O-O O-O 12. f3 c5 13. Kh1 Re8 14. g4 cxd4 15.
exd4 Bd6 16. g5 Nh5 17. f4 Nb6 18. a4 a5 19. Qg4 Bb4 20. f5 Bxc3 21. bxc3 Rc8
22. Qf3 Kh7 23. Bh3 Re4 24. Ra2 Rh4 25. Rg2 Qc7 26. Bd2 Nc4 27. Be1 Rf4 28. Qd3
Rxf1+ 29. Qxf1 Ne3 30. fxg6+ fxg6 31. Qf3 Nxg2 32. Bxg2 Re8 33. Bd2 Qd7 34. Kg1
Qxa4 35. Bf1 Qa1 36. Qxd5 Qd1 37. Qg2 Rf8 38. Be3 Qe1 39. Bf2 Qxc3 40. Qe4 Qd2
41. Qh4 Rf4 0-1

[Event "chess.com Speed"]
[Site "Chess.com INT"]
[Date "2019.10.03"]
[Round "1.17"]
[White "Artemiev, Vladislav"]
[Black "Grischuk, Alexander"]
[Result "1-0"]
[WhiteElo "2746"]
[BlackElo "2759"]
[PlyCount "115"]
[EventDate "2019.09.02"]
[EventType "k.o. (blitz)"]
[EventRounds "4"]
[EventCountry "USA"]
[SourceTitle "EXT 2020"]
[Source "ChessBase"]
[SourceDate "2019.10.17"]
[SourceVersion "1"]
[SourceVersionDate "2019.10.17"]
[SourceQuality "1"]

1. d4 Nf6 2. Nf3 d5 3. e3 c5 4. Bd3 Nc6 5. O-O cxd4 6. exd4 Bg4 7. c3 e6 8. Bf4
Bd6 9. Bxd6 Qxd6 10. Nbd2 O-O 11. Re1 Rab8 12. a4 Qc7 13. Qb3 Bxf3 14. Nxf3 a6
15. Qa3 Na5 16. Ne5 Rfe8 17. h3 Nd7 18. Nf3 Nc4 19. Bxc4 Qxc4 20. a5 Qc6 21.
Re3 b6 22. axb6 Rxb6 23. Ne1 Reb8 24. Nd3 h6 25. Qa4 Qxa4 26. Rxa4 h5 27. Re1
Rc8 28. Rea1 Nb8 29. Rb4 Rcc6 30. Rxb6 Rxb6 31. b4 Kf8 32. Kf1 Ke7 33. Ke2 Kd6
34. g4 h4 35. Nc5 Kc6 36. f4 Kd6 37. Kd3 Kc6 38. Rf1 Kd6 39. f5 Ke7 40. fxe6
fxe6 41. g5 e5 42. dxe5 Rg6 43. Kd4 Rxg5 44. Kxd5 Rg2 45. e6 Rd2+ 46. Kc4 Nc6
47. Rf7+ Ke8 48. Rxg7 Ne5+ 49. Kb3 Rh2 50. Ne4 Nc6 51. Nf6+ Kd8 52. Rd7+ Kc8
53. Rh7 Rxh3 54. e7 Nxe7 55. Rxe7 Rh1 56. Rh7 h3 57. Ng4 Kd8 58. Nf2 1-0

[Event "chess.com Speed"]
[Site "Chess.com INT"]
[Date "2019.10.03"]
[Round "1.18"]
[White "Grischuk, Alexander"]
[Black "Artemiev, Vladislav"]
[Result "1/2-1/2"]
[WhiteElo "2759"]
[BlackElo "2746"]
[PlyCount "71"]
[EventDate "2019.09.02"]
[EventType "k.o. (blitz)"]
[EventRounds "4"]
[EventCountry "USA"]
[SourceTitle "EXT 2020"]
[Source "ChessBase"]
[SourceDate "2019.10.17"]
[SourceVersion "1"]
[SourceVersionDate "2019.10.17"]
[SourceQuality "1"]

1. d4 d5 2. c4 c6 3. Nf3 Nf6 4. Nc3 a6 5. a4 e6 6. a5 c5 7. Be3 dxc4 8. Ne5 Nd5
9. dxc5 Nxe3 10. Qxd8+ Kxd8 11. fxe3 Ke8 12. g3 Nd7 13. Nxc4 Bxc5 14. Bg2 Rb8
15. Kf2 b5 16. axb6 Nxb6 17. Ne5 Nd7 18. Nc6 Rxb2 19. Rhc1 Bb7 20. Ne4 Bxc6 21.
Nxc5 Bxg2 22. Nd3 Rb8 23. Kxg2 Ke7 24. Rxa6 Rhc8 25. Rxc8 Rxc8 26. Ra7 f6 27.
Kf3 Rc2 28. h4 h5 29. Nf4 Rc5 30. Nd3 Rd5 31. e4 Rb5 32. Ke3 Kd6 33. Ra6+ Ke7
34. Ra7 Kd6 35. Ra6+ Ke7 36. Ra7 1/2-1/2

[Event "chess.com Speed"]
[Site "Chess.com INT"]
[Date "2019.10.03"]
[Round "1.19"]
[White "Artemiev, Vladislav"]
[Black "Grischuk, Alexander"]
[Result "1-0"]
[WhiteElo "2746"]
[BlackElo "2759"]
[PlyCount "71"]
[EventDate "2019.09.02"]
[EventType "k.o. (blitz)"]
[EventRounds "4"]
[EventCountry "USA"]
[SourceTitle "EXT 2020"]
[Source "ChessBase"]
[SourceDate "2019.10.17"]
[SourceVersion "1"]
[SourceVersionDate "2019.10.17"]
[SourceQuality "1"]

1. Nf3 d5 2. e3 Nf6 3. c4 e6 4. Nc3 c5 5. cxd5 exd5 6. d4 Nc6 7. Bb5 cxd4 8.
Nxd4 Bd7 9. Nf3 Bg4 10. Qa4 Bd7 11. O-O Bd6 12. Bxc6 Bxc6 13. Qd4 O-O 14. b3
Qe7 15. Bb2 Bc5 16. Qh4 Rfe8 17. Rfd1 Rad8 18. Rac1 h6 19. Ne2 Ne4 20. Qxe7
Bxe7 21. Ned4 Bd7 22. Rc7 Bc8 23. Nb5 a6 24. Na7 Bg4 25. Rxb7 Bh4 26. Rf1 Bxf3
27. gxf3 Nd2 28. Rd1 Nxf3+ 29. Kg2 Ng5 30. Rd4 Re4 31. Nc6 Rd6 32. Ne7+ Kh7 33.
Nf5 Rg6 34. Nxh4 Rxh4 35. Rxh4 Ne4+ 36. Kf1 1-0

[Event "chess.com Speed"]
[Site "Chess.com INT"]
[Date "2019.10.03"]
[Round "1.20"]
[White "Grischuk, Alexander"]
[Black "Artemiev, Vladislav"]
[Result "0-1"]
[WhiteElo "2759"]
[BlackElo "2746"]
[PlyCount "104"]
[EventDate "2019.09.02"]
[EventType "k.o. (blitz)"]
[EventRounds "4"]
[EventCountry "USA"]
[SourceTitle "EXT 2020"]
[Source "ChessBase"]
[SourceDate "2019.10.17"]
[SourceVersion "1"]
[SourceVersionDate "2019.10.17"]
[SourceQuality "1"]

1. Nf3 d5 2. d3 Nc6 3. Bf4 g6 4. e3 Bg7 5. d4 Nf6 6. h3 Nd7 7. c4 e5 8. dxe5
dxc4 9. e6 fxe6 10. Bxc4 Bxb2 11. Nbd2 Bxa1 12. Qxa1 Qf6 13. Qc1 Nb6 14. Bb5
Bd7 15. Bxc6 Bxc6 16. Be5 Qf8 17. Bxh8 Qxh8 18. O-O O-O-O 19. Nd4 Bd5 20. a4 a6
21. a5 Nd7 22. Qc3 c5 23. Qc2 Kb8 24. Ne2 Qe5 25. Nf4 Rc8 26. Rb1 c4 27. Nxd5
exd5 28. Nf3 Qd6 29. Nd4 Qc5 30. Qc3 Ka7 31. Ne6 Qd6 32. Nd4 Rc7 33. Rb2 Nc5
34. Qc2 Nb3 35. Nxb3 cxb3 36. Qd1 Qa3 37. Rxb3 Qxa5 38. Kh2 Qc5 39. Rd3 Qc2 40.
Qf1 Rc5 41. f4 a5 42. Rd4 Qc3 43. Qf3 Qb3 44. Qe2 a4 45. Qd2 a3 46. Rd3 Qa4 47.
Qa2 Ra5 48. Rd4 Qb5 49. Rd2 Qc4 50. Qa1 a2 51. Rd4 Qb3 52. Rd1 Qxd1 0-1

[Event "chess.com Speed"]
[Site "Chess.com INT"]
[Date "2019.10.03"]
[Round "1.21"]
[White "Artemiev, Vladislav"]
[Black "Grischuk, Alexander"]
[Result "1-0"]
[WhiteElo "2746"]
[BlackElo "2759"]
[PlyCount "61"]
[EventDate "2019.09.02"]
[EventType "k.o. (blitz)"]
[EventRounds "4"]
[EventCountry "USA"]
[SourceTitle "EXT 2020"]
[Source "ChessBase"]
[SourceDate "2019.10.17"]
[SourceVersion "1"]
[SourceVersionDate "2019.10.17"]
[SourceQuality "1"]

1. e4 c5 2. Nf3 Nc6 3. Bc4 g6 4. O-O Bg7 5. c3 Nf6 6. e5 Ng4 7. d4 cxd4 8. cxd4
d6 9. h3 Nh6 10. Nc3 O-O 11. exd6 Qxd6 12. Ne4 Qd8 13. Bg5 Nf5 14. d5 Ne5 15.
Nxe5 Bxe5 16. Re1 Nd6 17. Bb3 Bf5 18. Ng3 Bf6 19. Bxf6 exf6 20. Qd4 Kg7 21. Re3
a6 22. h4 h5 23. Bd1 Rh8 24. Bf3 Rc8 25. b3 Qd7 26. Rae1 Rce8 27. Qf4 Rxe3 28.
Rxe3 Bg4 29. Bxg4 hxg4 30. h5 gxh5 31. Qxd6 1-0

[Event "chess.com Speed"]
[Site "Chess.com INT"]
[Date "2019.10.03"]
[Round "1.22"]
[White "Grischuk, Alexander"]
[Black "Artemiev, Vladislav"]
[Result "0-1"]
[WhiteElo "2759"]
[BlackElo "2746"]
[PlyCount "64"]
[EventDate "2019.09.02"]
[EventType "k.o. (blitz)"]
[EventRounds "4"]
[EventCountry "USA"]
[SourceTitle "EXT 2020"]
[Source "ChessBase"]
[SourceDate "2019.10.17"]
[SourceVersion "1"]
[SourceVersionDate "2019.10.17"]
[SourceQuality "1"]

1. Nf3 Nf6 2. g3 g6 3. Bg2 Bg7 4. O-O O-O 5. d3 d5 6. Nbd2 Nc6 7. e4 dxe4 8.
dxe4 a5 9. a4 Nd7 10. Qe2 b6 11. Rd1 Ba6 12. Nc4 Qe8 13. Bf4 Bxb2 14. Rab1 Bg7
15. Bf1 Nc5 16. Bxc7 Nxa4 17. Qe3 Nc3 18. Nxb6 Nxd1 19. Rxd1 Bxf1 20. Nxa8 Qxa8
21. Rxf1 a4 22. Bf4 a3 23. e5 Nb4 24. Qb3 Nxc2 25. Qxc2 Qxf3 26. Ra1 Ra8 27. h4
e6 28. Kh2 h6 29. Ra2 Qd5 30. Qe2 Kh7 31. Kg1 Rb8 32. Kh2 Rb1 0-1